00277nam a2200109Ia 4500008004100000082001800041100001700059245004400076260002300120300000800143650001600151191201s2004 xx 000 0 und d a621.3825bRAF aRAJARAO, K N 0aFundamentals of Satellite Communication aN.DelhibPHIc2004 a298 aB.Tech(ECE)